000 00677nam a2200253 a 4500
001 0001-0974
003 ELIB.Books
008 140917 2010 eng
020 _a08812853073
035 _a(ELIB.Books)0001-1128
092 _a296.31
_bBir
100 _aBirndaum, David.
245 _aGod and Evil
_bA Unified Theodicy/ Theology/ Phiosophy
260 _aNew Jersey
_bKtav Publishing House, Inc.
_c1989
300 _a266
_c23 Cm
500 _aDr. Yahalaylayla
650 _aGood and Evil
730 _aGod and Evil
856 _nKBTS; Library
_uKBTS; Elib.
942 _2ddc
_cBK
990 _a1
998 _cbat
_e2014-09-17
999 _c10974
_d10974